[Event "Nuremberg Zabo op 04th"]
[Site "Nuremberg"]
[Date "2002.09.29"]
[Round "5"]
[White "Venus, Verena"]
[Black "Wechahy, Alaa Ahmed"]
[Result "0-1"]
[WhiteElo "1344"]
[BlackElo "1556"]
[PlyCount "78"]
[EventDate "2002.09.27"]
[EventType "swiss"]
[EventRounds "5"]
[EventCountry "GER"]
[SourceTitle "EXT 2003"]
[Source "ChessBase"]
[SourceDate "2002.11.25"]
[SourceVersion "1"]
[SourceVersionDate "2002.11.25"]
[SourceQuality "1"]

1. c4 e5 2. Nc3 Bc5 3. g3 a6 4. Bg2 Nf6 5. Nf3 d6 6. d3 h6 7. 0-0 Nc6 8. a3 0-0 9. Rb1 Ng4 10. e3 f5 11. Nh4 Ne7 12. Nd5 Nxd5 13. Bxd5+ Kh7 14. h3 Nf6 15. Bg2 c6 16. b4 Ba7 17. a4 e4 18. Ba3 g5 19. Nxf5 Bxf5 20. dxe4 Bxe4 21. Bxe4+ Nxe4 22. Qd3 Qe7 23. f3 Qe5 24. Qxe4+ Qxe4 25. fxe4 Bxe3+ 26. Kg2 Kg6 27. Rf3 Bd4 28. Bb2 Rxf3 29. Kxf3 Rf8+ 30. Ke2 Rf2+ 31. Kd3 Bxb2 32. Ke3 Rh2 33. Kf3 Be5 34. h4 gxh4 35. gxh4 Rxh4 36. Rg1+ Kf6 37. Rg8 Rh3+ 38. Kg2 Rb3 39. Rf8+ Kg7 0-1

[Event "Nuremberg Zabo op 04th"]
[Site "Nuremberg"]
[Date "2002.09.28"]
[Round "3"]
[White "Martin, Michael"]
[Black "Wechahy, Alaa Ahmed"]
[Result "1-0"]
[WhiteElo "1821"]
[BlackElo "1556"]
[PlyCount "129"]
[EventDate "2002.09.27"]
[EventType "swiss"]
[EventRounds "5"]
[EventCountry "GER"]
[SourceTitle "EXT 2003"]
[Source "ChessBase"]
[SourceDate "2002.11.25"]
[SourceVersion "1"]
[SourceVersionDate "2002.11.25"]
[SourceQuality "1"]

1. c4 Nf6 2. g3 e5 3. Bg2 Bc5 4. Nc3 a6 5. e3 Nc6 6. a3 d6 7. Nge2 0-0 8. 0-0 Ng4 9. h3 Nh6 10. d4 Ba7 11. Nd5 f5 12. b4 e4 13. Bb2 Ne7 14. Nxe7+ Qxe7 15. d5 Nf7 16. Nd4 Ne5 17. Qb3 Bd7 18. Rad1 Rf6 19. f3 Nd3 20. fxe4 Nxb2 21. Qxb2 Raf8 22. Qc2 Rg6 23. Kh2 Qg5 24. Qf2 Rgf6 25. Qf4 Qh5 26. exf5 Bxd4 27. Qxd4 Rh6 28. g4 Qh4 29. Rf4 Qe7 30. Rdf1 c5 31. bxc5 dxc5 32. Qd2 Qe5 33. Kg1 b6 34. Re4 Qg3 35. Qe1 Qd6 36. Qd1 Rhf6 37. Qa1 b5 38. Ref4 bxc4 39. e4 Re8 40. g5 Rff8 41. f6 Re5 42. h4 g6 43. f7+ Kg7 44. Rf6 Qb8 45. Re6 Bxe6 46. dxe6 Qd6 47. Rd1 Qxe6 48. Rd5 Kxf7 49. Rxe5 Qd6 50. Rd5 Qf4 51. Qf6+ Qxf6 52. gxf6 Kxf6 53. Rxc5 Re8 54. Rxc4 Re6 55. Kf2 Ke5 56. Ke3 h6 57. Rc5+ Kf6 58. Kf4 Rb6 59. Rc6+ Rxc6 60. e5+ Ke6 61. Bxc6 g5+ 62. hxg5 hxg5+ 63. Ke4 g4 64. Bd5+ Ke7 65. Kf4 1-0

[Event "Pyramiden Franken Cup 5th"]
[Site "Fuerth"]
[Date "2002.09.03"]
[Round "4"]
[White "Roerig, Gerhard"]
[Black "Wechahy, Alaa Ahmed"]
[Result "1-0"]
[WhiteElo "1789"]
[BlackElo "1680"]
[PlyCount "85"]
[EventDate "2002.08.31"]
[EventType "swiss"]
[EventRounds "9"]
[EventCountry "GER"]
[SourceTitle "CBM 090 Extra"]
[Source "ChessBase"]
[SourceDate "2002.11.07"]
[SourceVersion "1"]
[SourceVersionDate "2002.11.07"]
[SourceQuality "1"]

1. e4 g6 2. g3 Bg7 3. Bg2 d6 4. d4 Nf6 5. c4 0-0 6. Nc3 c6 7. Nge2 Ng4 8. f3 Nf6 9. Be3 Nfd7 10. Qd2 f5 11. Bh6 Nb6 12. b3 Na6 13. Bxg7 Kxg7 14. h4 h5 15. 0-0-0 c5 16. dxc5 Nxc5 17. e5 Be6 18. exd6 exd6 19. Qxd6 Qxd6 20. Rxd6 Rad8 21. Rdd1 Rxd1+ 22. Rxd1 Nc8 23. Rd2 b6 24. Nf4 Bf7 25. Nb5 Re8 26. Kd1 a6 27. Nd6 Nxd6 28. Rxd6 b5 29. cxb5 axb5 30. Rb6 Rd8+ 31. Kc2 Rc8 32. Kb2 Be8 33. Bf1 Rd8 34. Kc3 Ra8 35. Bxb5 Bf7 36. Rc6 Nd7 37. Rc7 Ne5 38. Ne6+ Kf6 39. Ng5 Be6 40. f4 Ng4 41. a4 Ne3 42. Rc6 Kg7 43. Nxe6+ 1-0

[Event "Pyramiden Franken Cup 5th"]
[Site "Fuerth"]
[Date "2002.08.31"]
[Round "1"]
[White "Wechahy, Alaa Ahmed"]
[Black "Henrich, Holger"]
[Result "0-1"]
[WhiteElo "1680"]
[BlackElo "2149"]
[PlyCount "70"]
[EventDate "2002.08.31"]
[EventType "swiss"]
[EventRounds "9"]
[EventCountry "GER"]
[SourceTitle "CBM 090 Extra"]
[Source "ChessBase"]
[SourceDate "2002.11.07"]
[SourceVersion "1"]
[SourceVersionDate "2002.11.07"]
[SourceQuality "1"]

1. d4 e6 2. c4 Nf6 3. Nc3 d5 4. Nf3 Bb4 5. a3 Bxc3+ 6. bxc3 c5 7. cxd5 exd5 8. g3 c4 9. Bg2 0-0 10. 0-0 Ne4 11. Bb2 Qa5 12. Rc1 Re8 13. Nd2 Bf5 14. Nxe4 dxe4 15. e3 Nd7 16. Qe2 Nb6 17. Rfd1 Re6 18. g4 Bg6 19. h3 Rc8 20. Qc2 h5 21. Rd2 hxg4 22. hxg4 Qg5 23. Qd1 f5 24. Bh3 Bh5 25. Qf1 fxg4 26. Bg2 g3 27. fxg3 Qxg3 28. Qf2 Qg5 29. Rf1 Bf3 30. Qe1 Rg6 31. Rff2 Nd5 32. Bc1 Qxe3 33. Qxe3 Nxe3 34. Rb2 Nxg2 35. Kf1 Rf8 0-1

[Event "Nuremberg Zabo op 03rd"]
[Site "Nuremberg"]
[Date "2001.09.23"]
[Round "5"]
[White "Vogiatzis, Dimitrios"]
[Black "Wechahy, Alaa Ahmed"]
[Result "0-1"]
[WhiteElo "1927"]
[BlackElo "1697"]
[PlyCount "90"]
[EventDate "2001.09.21"]
[EventType "swiss"]
[EventRounds "5"]
[EventCountry "GER"]
[SourceTitle "EXT 2003"]
[Source "ChessBase"]
[SourceDate "2002.11.25"]
[SourceVersion "1"]
[SourceVersionDate "2002.11.25"]
[SourceQuality "1"]

1. e4 g6 2. d4 Bg7 3. c3 e6 4. Bd3 Ne7 5. h4 b6 6. h5 Bb7 7. h6 Bf8 8. Bg5 d6 9. Nf3 c5 10. Bf6 Rg8 11. Ng5 Nd7 12. Nxh7 c4 13. Bc2 Qc7 14. Na3 a6 15. Qe2 b5 16. Rh3 0-0-0 17. g4 Nxf6 18. Nxf6 Rh8 19. g5 Ng8 20. Nxg8 Rxg8 21. b4 Qe7 22. Qe3 f6 23. f4 e5 24. gxf6 Qxf6 25. fxe5 dxe5 26. d5 Rh8 27. Ke2 g5 28. Rah1 Kb8 29. h7 Bc8 30. Rg3 Bh6 31. Rf1 Qg6 32. Rf5 Bxf5 33. exf5 Qf6 34. Be4 Rxh7 35. Rg2 g4 36. Qg3 Rg7 37. Nc2 Bf4 38. Qf2 g3 39. Qf3 Rh8 40. Nd4 Qg5 41. Ne6 Qf6 42. Nxf4 exf4 43. Qxf4+ Kc8 44. Rxg3 Rh2+ 45. Bg2 Rxg2+ 0-1

[Event "Nuremberg Zabo op 03rd"]
[Site "Nuremberg"]
[Date "2001.09.22"]
[Round "2"]
[White "Thoma, Dirk"]
[Black "Wechahy, Alaa Ahmed"]
[Result "0-1"]
[WhiteElo "1326"]
[BlackElo "1697"]
[PlyCount "138"]
[EventDate "2001.09.21"]
[EventType "swiss"]
[EventRounds "5"]
[EventCountry "GER"]
[SourceTitle "EXT 2003"]
[Source "ChessBase"]
[SourceDate "2002.11.25"]
[SourceVersion "1"]
[SourceVersionDate "2002.11.25"]
[SourceQuality "1"]

1. d4 g6 2. c4 Bg7 3. Nc3 e6 4. Nf3 Ne7 5. Bf4 0-0 6. e4 d6 7. Qd2 f5 8. Bh6 Rf7 9. Bxg7 Rxg7 10. e5 d5 11. b3 c6 12. Qh6 Nd7 13. Ne2 Nf8 14. Nf4 Qa5+ 15. Kd1 a6 16. c5 Qa3 17. Bd3 Qb2 18. Rb1 Qxa2 19. Bc2 Qa5 20. b4 Qc7 21. Ng5 b5 22. Re1 Kh8 23. Re3 Ng8 24. Qh3 Qe7 25. Qh4 h6 26. Rh3 Bd7 27. Rbb3 Nh7 28. Rbg3 hxg5 29. Rxg5 Be8 30. g4 a5 31. gxf5 exf5 32. Rhg3 a4 33. Bb1 Qd7 34. Nxg6+ Bxg6 35. Rxg6 Rxg6 36. Rxg6 Rf8 37. e6 Qe8 38. Rg5 Qxe6 39. Rh5 Qg6 40. f4 Qg1+ 41. Kd2 Qxd4+ 42. Kc1 Qc3+ 43. Bc2 Rf7 44. Rg5 Ne7 45. Qh5 Rg7 46. Qe8+ Ng8 47. Rxg7 Qxg7 48. Qe5 Qxe5 49. fxe5 Ne7 50. h4 Nf8 51. h5 Kg7 52. Bd1 Kh6 53. Kb2 Nd7 54. e6 Nf8 55. Kc2 Nxe6 56. Kd3 Nf4+ 57. Kd4 Nxh5 58. Ke5 Kg5 59. Ke6 Ng6 60. Bf3 Nhf4+ 61. Kd7 a3 62. Kxc6 Ne5+ 63. Kxb5 Nxf3 64. c6 Ne6 65. Kb6 a2 66. c7 Nxc7 67. Kxc7 a1Q 68. b5 Qa7+ 69. Kc6 d4 0-1

[Event "Nuremberg Zabo op 03rd"]
[Site "Nuremberg"]
[Date "2001.09.22"]
[Round "3"]
[White "Wechahy, Alaa Ahmed"]
[Black "Bruder, Heinz"]
[Result "1-0"]
[WhiteElo "1697"]
[BlackElo "1384"]
[PlyCount "57"]
[EventDate "2001.09.21"]
[EventType "swiss"]
[EventRounds "5"]
[EventCountry "GER"]
[SourceTitle "EXT 2003"]
[Source "ChessBase"]
[SourceDate "2002.11.25"]
[SourceVersion "1"]
[SourceVersionDate "2002.11.25"]
[SourceQuality "1"]

1. d4 d5 2. c4 e6 3. Nf3 Bd6 4. c5 Be7 5. Nc3 Nc6 6. Bf4 a6 7. e3 Nf6 8. h3 h6 9. a3 Nd7 10. Bd3 b6 11. b4 Bb7 12. 0-0 b5 13. Bh2 Bf6 14. Nd2 e5 15. Nxd5 Rc8 16. Nxf6+ gxf6 17. d5 Nxb4 18. axb4 Bxd5 19. Rxa6 c6 20. e4 Be6 21. Be2 f5 22. f4 Rg8 23. fxe5 fxe4 24. Nxe4 Rc7 25. Nd6+ Kf8 26. Bh5 Qg5 27. Ra8+ Ke7 28. Rxg8 Qxg8 29. Nxf7 1-0

[Event "Pyramiden Franken Cup 4th"]
[Site "Fuerth"]
[Date "2001.08.22"]
[Round "5"]
[White "Hefter, Franz"]
[Black "Wechahy, Alaa Ahmed"]
[Result "1-0"]
[WhiteElo "1920"]
[BlackElo "1680"]
[PlyCount "67"]
[EventDate "2001.08.18"]
[EventType "swiss"]
[EventRounds "9"]
[EventCountry "GER"]
[SourceTitle "EXT 2010"]
[Source "ChessBase"]
[SourceDate "2010.11.25"]
[SourceVersion "1"]
[SourceVersionDate "2010.11.25"]
[SourceQuality "1"]

1. d4 c5 2. d5 d6 3. c4 g6 4. Nc3 Bg7 5. e4 Nd7 6. f4 Nb6 7. Bd3 e5 8. Nf3 Bg4 9. 0-0 Qe7 10. h3 Bxf3 11. Qxf3 0-0-0 12. fxe5 Bxe5 13. Qxf7 Qh4 14. Bf4 Bd4+ 15. Kh2 Nh6 16. Qe6+ Nd7 17. Nb5 Be5 18. Nxd6+ Kb8 19. Bxe5 Nxe5 20. Be2 Qg5 21. Rab1 Nd7 22. Nf7 Nxf7 23. Rxf7 Qe5+ 24. Qxe5+ Nxe5 25. Re7 Rde8 26. Rxe8+ Rxe8 27. Rf1 Kc7 28. Rf6 h5 29. b3 b6 30. Kg3 Rg8 31. Kf4 Nd7 32. Rf7 Kd6 33. e5+ Kc7 34. e6 1-0

[Event "Pyramiden Franken Cup 4th"]
[Site "Fuerth"]
[Date "2001.08.21"]
[Round "4"]
[White "Kuespert, Helmut"]
[Black "Wechahy, Alaa Ahmed"]
[Result "1-0"]
[WhiteElo "1947"]
[BlackElo "1680"]
[PlyCount "27"]
[EventDate "2001.08.18"]
[EventType "swiss"]
[EventRounds "9"]
[EventCountry "GER"]
[SourceTitle "EXT 2010"]
[Source "ChessBase"]
[SourceDate "2010.11.25"]
[SourceVersion "1"]
[SourceVersionDate "2010.11.25"]
[SourceQuality "1"]

1. e4 c5 2. Nf3 Nc6 3. d4 cxd4 4. Nxd4 d6 5. Nc3 Nf6 6. Bc4 g6 7. Nxc6 bxc6 8. e5 Ng4 9. exd6 exd6 10. 0-0 Qh4 11. Bf4 d5 12. Nxd5 Nxh2 13. Nc7+ Ke7 14. Qd6# 1-0

[Event "Pyramiden Franken Cup 4th"]
[Site "Fuerth"]
[Date "2001.08.19"]
[Round "2"]
[White "Just, Hannes"]
[Black "Wechahy, Alaa Ahmed"]
[Result "0-1"]
[WhiteElo "1962"]
[BlackElo "1680"]
[PlyCount "90"]
[EventDate "2001.08.18"]
[EventType "swiss"]
[EventRounds "9"]
[EventCountry "GER"]
[SourceTitle "EXT 2010"]
[Source "ChessBase"]
[SourceDate "2010.11.25"]
[SourceVersion "1"]
[SourceVersionDate "2010.11.25"]
[SourceQuality "1"]

1. e4 c5 2. Nf3 Nc6 3. Bb5 g6 4. 0-0 Bg7 5. Re1 d6 6. Nc3 Bd7 7. d3 a6 8. Ba4 e6 9. Bg5 Nge7 10. Bxc6 Bxc6 11. Nd5 Bxd5 12. exd5 f6 13. Rxe6 fxg5 14. Qe2 Kd7 15. Nxg5 Qf8 16. Rxd6+ Kxd6 17. Qe6+ Kc7 18. d6+ Kb8 19. dxe7 Qc8 20. Qf7 Bxb2 21. Rb1 Bd4 22. Nxh7 Ka7 23. Nf8 Qe8 24. Qe6 Qc6 25. Re1 Raxf8 26. exf8Q Rxf8 27. Qxc6 bxc6 28. Re2 Rb8 29. Re7+ Rb7 30. Rxb7+ Kxb7 31. Kf1 Kb6 32. Ke2 Kb5 33. f4 Ka4 34. Kf3 Ka3 35. Kg4 Kxa2 36. Kg5 a5 37. Kxg6 a4 38. f5 Kb2 39. g4 a3 40. g5 a2 41. f6 a1Q 42. h4 Qa8 43. h5 Qg8+ 44. Kh6 Qf7 45. c4 Bxf6 0-1

[Event "Pyramiden Franken Cup 3rd"]
[Site "Fuerth"]
[Date "2000.08.19"]
[Round "1"]
[White "Gebhard, Thomas"]
[Black "Wechahy, Alaa Ahmed"]
[Result "1/2-1/2"]
[WhiteElo "1918"]
[BlackElo "1671"]
[PlyCount "66"]
[EventDate "2000.08.19"]
[EventType "swiss"]
[EventRounds "9"]
[EventCountry "GER"]
[SourceTitle "EXT 2010"]
[Source "ChessBase"]
[SourceDate "2010.11.25"]
[SourceVersion "1"]
[SourceVersionDate "2010.11.25"]
[SourceQuality "1"]

1. e4 c5 2. Nc3 Nc6 3. f4 g6 4. Nf3 Bg7 5. Bc4 e6 6. e5 d5 7. exd6 Qxd6 8. d3 a6 9. Ne4 Qe7 10. Be3 b6 11. 0-0 Nf6 12. Ne5 Bb7 13. Nxf7 Kxf7 14. Ng5+ Ke8 15. Nxe6 Nd8 16. Nxg7+ Qxg7 17. Re1 Kd7 18. b4 Re8 19. bxc5 b5 20. Bb3 Nc6 21. d4 Kc7 22. d5 Rad8 23. Qf3 Na5 24. c6 Nxc6 25. dxc6 Bxc6 26. Qf1 Ng4 27. Bc5 Qc3 28. Bf2 Ne3 29. Bxe3 Rxe3 30. Rad1 Rd2 31. Rxd2 Qxd2 32. Rxe3 Qxe3+ 33. Qf2 Qc1+ 1/2-1/2